| 000 | 00680nam a22001937a 4500 | ||
|---|---|---|---|
| 005 | 20240326171513.0 | ||
| 010 | _aENG-139932 | ||
| 020 |
_a9788193878507 _c250.00 |
||
| 035 | _aEN-123464 | ||
| 037 | _bDBAD/PUB | ||
| 082 |
_a305.80095451 _21 |
||
| 100 |
_aKolb, Michael R. _963956 |
||
| 245 |
_aOut of the Hills: _bYoung Dimasas and Traditional Religion/ _cBy Michael R. Kolb, |
||
| 250 | _a1 | ||
| 260 |
_aGuwahati _c2019 _bNorth Eastern Social Research Centre |
||
| 270 |
_bGuwahati _aJagriti, 2nd Floor, Arunodoi Basti , GMCH Road, Christian Basti _e781005 _mnesrcghy@gmail.com |
||
| 300 |
_aviii,296p. _c22(pbk.) |
||
| 942 |
_2ddc _cEN _h305.80095451 _mKOL _e1 |
||
| 999 |
_c201786 _d201786 |
||